000 00586nam a22001697a 4500
008 160420b xxu||||| |||| 00| 0 eng d
020 _a978-971-513-261-9
082 _22009
_aDFil 371.3
_bC26t
100 _96070
_aCastro, Cecilia Estrada.
245 _aTeaching strategies in health education:
_bwith principles of teaching and learning/
_cCecilia Estrada-Castro.
250 _aFirst edition
260 _aManila:
_bEducational Publishing House,
_cc2009.
300 _axvi, 245 pages;
_c23 cm.
500 _aIncludes index.
650 0 _96077
_aTeaching methodology.
942 _2ddc
_cDFIL
999 _c1899
_d1899